000 00814nam a22002412 4500
001 0000008684
005 20151217145844.0
008 080513s xx 000 0 eng d
020 _a812190272x :
_cKES 575
040 _aKABU
_cKABU
100 1 _aDuraipandian, P.
_@0000159361
245 1 0 _aMechanics /
_cP. Duraipandian, Laxmi Duraipandian and Muthamizh Jayapragasam.
260 _aNew Delhi :
_bS. Chand,
_c2006.
300 _axiii, 386 p.
650 0 _aMechanics, Analytic.
_@0000154721
700 1 _aDuraipandian, Laxmi.
_@0000159362
700 1 _aJayapragasam, Muthamizh.
_@0000159363
908 _a080513
950 _@1
999 _c3327
_d3327